logo

Bir Sreshtho Munshi Abdur Rouf Library
Jhenaidah Cadet College

অফিস 97/2000 / (Record no. 812)

MARC details
000 -LEADER
fixed length control field 00626nam a2200217 a 4500
001 - CONTROL NUMBER
JCCL Control Number 812
003 - CONTROL NUMBER IDENTIFIER
JCCL marc code BD-JhCC
005 - DATE AND TIME OF LATEST TRANSACTION
control field 20171010162753.0
008 - FIXED-LENGTH DATA ELEMENTS--GENERAL INFORMATION
fixed length control field 171010s1999 bg a|||| || | 000 0 ben d
035 ## - SYSTEM CONTROL NUMBER
system control number (BD-JhCC)812
040 ## - CATALOGING SOURCE
Original cataloging agency BD-JhCC
Modifying agency BD-JhCC
041 ## - LANGUAGE CODE
Language code of Book ben
082 ## - DEWEY DECIMAL CLASSIFICATION NUMBER
Classification number 005.369
Author mark and Year RAH 1999
100 ## - MAIN ENTRY--PERSONAL NAME
Personal name রহমান, মাহবুবুর
245 ## - TITLE STATEMENT
Title অফিস 97/2000 /
Statement of responsibility, etc মাহবুবুর রহমান,
260 ## - PUBLICATION, DISTRIBUTION, ETC. (IMPRINT)
Place of publication, distribution, etc ঢাকা :
Name of publisher, distributor, etc সিসটেক কম্পিউটার ;
Date of publication, distribution, etc 1999
300 ## - PHYSICAL DESCRIPTION
Pagination 174 p.;
Dimensions 22cm.
650 ## - SUBJECT ADDED ENTRY--TOPICAL TERM
Topical term or geographic name as entry element Microsoft Office
942 ## - ADDED ENTRY ELEMENTS (KOHA)
Source of classification or shelving scheme Dewey Decimal Classification
Koha item type Books
Holdings
Source of classification or shelving scheme Damaged status Not for loan Home library Current library Shelving location Cost, normal purchase price Total Checkouts Full call number Barcode Date last seen Copy number Koha item type volume number Date of accession
Dewey Decimal Classification     JCC Rouf Library JCC Rouf Library General Stacks 600.00   005.369 RAH 1999 314 10/10/2017 C-1 Books    
Dewey Decimal Classification     JCC Rouf Library JCC Rouf Library       005.369 RAH 1999 313 10/10/2017 C-2 Books v-5 10/10/2017

JCC Library | Contacts | JCC Home

Last Update on 23 September 2017
Copyright @ 2017-2020 JCC Rouf Library
Rouf Library, Jhenidah Cadet College (JCC), Bangladesh